Organosilicon Compounds, SILA-409 and SILA-421, as Doxorubicin Resistance-Reversing Agents in Human Colon Cancer Cells

Elmentve itt :
Bibliográfiai részletek
Szerzők: Wesołowska Olga
Michalak Krystyna
Błaszczyk Maria
Molnár József
Środa-Pomianek Kamila
Dokumentumtípus: Cikk
Megjelent: 2020
Sorozat:MOLECULES 25 No. 7
doi:10.3390/molecules25071654

mtmt:31278523
Online Access:http://publicatio.bibl.u-szeged.hu/18544
LEADER 00847nab a2200229 i 4500
001 publ18544
005 20200415085339.0
008 200415s2020 hu o 0|| zxx d
022 |a 1420-3049 
024 7 |a 10.3390/molecules25071654  |2 doi 
024 7 |a 31278523  |2 mtmt 
040 |a SZTE Publicatio Repozitórium  |b hun 
041 |a zxx 
100 1 |a Wesołowska Olga 
245 1 0 |a Organosilicon Compounds, SILA-409 and SILA-421, as Doxorubicin Resistance-Reversing Agents in Human Colon Cancer Cells  |h [elektronikus dokumentum] /  |c  Wesołowska Olga 
260 |c 2020 
490 0 |a MOLECULES  |v 25 No. 7 
700 0 1 |a Michalak Krystyna  |e aut 
700 0 1 |a Błaszczyk Maria  |e aut 
700 0 1 |a Molnár József  |e aut 
700 0 2 |a Środa-Pomianek Kamila  |e aut 
856 4 0 |u http://publicatio.bibl.u-szeged.hu/18544/1/Molnar_molecules-25-01654.pdf  |z Dokumentum-elérés